000 00622cam a22002411 4500
001 sa 66001742
003 DLC
005 20260227112224.0
008 890717s1965 ii b 000 0 hino
010 _asa 66001742
035 _a(OCoLC)20023177
040 _aDLC
_cWaU
_dDLC
042 _apremarc
043 _aa-ii---
050 0 0 _aDS425
_b.L8
100 1 _aLuniya, Bhanwarlal Nathuram,
_d1917-
245 1 0 _aPrācīna Bhāratīya saṃskr̥ti.
260 _c[1966, i.e. 1965]
300 _a2, 848 p.
_c23 cm.
500 _aIn Hindi.
504 _aBibliographical footnotes.
651 0 _aIndia
_xCivilization.
999 _c67958
_d67958